[Event "Dresden zt 1.2"]
[Site "Dresden"]
[Date "1998.05.05"]
[Round "7"]
[White "Wahls, Matthias"]
[Black "Sokolov, Ivan"]
[Result "0-1"]
[WhiteElo "2605"]
[BlackElo "2625"]
[Annotator "Wedberg,T"]
[PlyCount "82"]
[EventDate "1998.04.28"]
[EventType "swiss"]
[EventRounds "11"]
[EventCountry "GER"]
[SourceTitle "CBM 065"]
[Source "ChessBase"]
[SourceDate "1998.08.06"]
[SourceVersion "1"]
[SourceVersionDate "1998.08.06"]
[SourceQuality "1"]

{[%mdl 10444]} {This game is marred by a bad mistake by Matthias Wahls, but
even so it's an impressive performance by Ivan Sokolov. He plays the opening
excellently. Really a model game for Black in this line. The attack on the
white K with only a few pieces is worth studying too.} 1. e4 e5 2. Nf3 Nc6 3.
Bb5 Nf6 4. O-O Nxe4 5. d4 Nd6 6. Bxc6 dxc6 7. dxe5 Nf5 8. Qxd8+ Kxd8 9. Nc3 Ke8
10. h3 a5 11. Rd1 {Very popular move, but I don't know the point of it.
Perhaps White wants to prevent Blacks K to flee to the Q-side, but he played
Kd8-e8 two moves earlier. I prefer to keep the R behind the f-P.} (11. Ne2 Ne7
(11... Be6 12. Nf4 Bd5 13. Nxd5 cxd5 14. g4 Ne7 15. Nd4 $16 {1-0 Fedorov,
V-Wagman,S/New York op 1993/TD 93\03 (34)}) 12. Nfd4 Nf5 13. a4 Nxd4 14. Nxd4
Bc5 15. Nb3 Be7 16. Be3 h5 17. f4 g6 $11 {1/2-1/2 Rozentalis,E-Marciano,D/
Belfort 1997/CBM 62/[Wedberg] (27)}) (11. a4 Be6 (11... Bb4 $5) 12. Rd1 (12. g4
$1 Ne7 13. Nd4 $36 {/\f4-f5}) 12... h6 13. g4 Ne7 14. Nd4 g5 15. Ne4 Bg7 16.
Nxe6 fxe6 17. Nc5 b6 18. Nxe6 Bxe5 19. Ra3 Kf7 $11 {Ernst,T-Rausis,I/Viking op
1997/EXT 97/0-1 (50)}) (11. Bf4 Be6 12. g4 Ne7 13. Nd4 Nd5 14. Nxe6 fxe6 15.
Bd2 Bb4 $11 {Galkin,A-Aleksandrov,A/RUS-Cup6 1997/CBM 59/[Hecht]/1/2-1/2 (59)})
11... a4 {Running down the a-P might seem a bit primitive, but it's actually a
very sensible way for Black to develop. It gains ground, starts mobilising the
Q-side P-majority and prepars the unusual but in many cases effective
development of the R via a5.} 12. g4 Ne7 13. Kg2 h5 $146 {Sokolov plays the
most natural move in the position. An important feature of the Black plan is
not to play an early Be6, since that allows the promising attacking scheme Nd4
and then f4-f5.} (13... Ng6 14. Rd4 Be7 15. Kg3 h5 16. Bg5 hxg4 17. hxg4 f6 18.
Bf4 f5 19. g5 a3 20. b3 Be6 21. Ne2 Kf7 $17 {1-0 Almasi,Z-Aleksandrov,A/
EU-chTM 1997/EXP 57/[Hecht] (45)}) 14. Kg3 hxg4 15. hxg4 Ng6 16. Bg5 Be7 17.
Bxe7 Kxe7 {Tricky position. Probably about equal, but Black has lots of
possibilities.} 18. Re1 Be6 19. Nd4 $2 (19. Ng5 $142 a3 20. b3 Rh4 21. f3) (19.
Rad1 $16 {/\ Nd4; Wahls}) 19... Bxg4 $1 $17 {This strips White of his K-side
play, leaving Black in control over the whole board.} 20. f4 (20. Kxg4 Rh4+ 21.
Kg3 Rxd4 $17) (20. Nxc6+ bxc6 21. Kxg4 Rh4+ $19 {/\ Rah8}) 20... Rad8 21. Re4
Bc8 22. Nxa4 {White has taken back the P, but Black has a very dangerous
attack on the h-file.} Rh3+ 23. Kf2 Rh2+ 24. Ke3 Rdh8 $40 (24... Nh4 $1 $19 {
Wahls}) 25. Rf1 R8h3+ (25... Bg4 $5 26. Kd3 R8h3+ 27. Re3 Rh4 $40) 26. Rf3
Rxf3+ 27. Kxf3 Nh4+ 28. Kg3 Rh3+ 29. Kf2 Nf5 30. Nf3 (30. Nxf5+ Bxf5 31. Re2
Bxc2 $17) 30... Ng3 31. Rb4 Nh5 $1 {Nice manouvering with the N. Now Black can
send in all his pieces against the white K.} 32. Nc3 Bg4 33. Nd2 (33. Ng5 $142
Rh2+ 34. Kg1 Rxc2 35. Rxb7 Nxf4 36. Rxc7+ Bd7 37. Nxf7 Rxb2 $17) 33... Rh2+ 34.
Ke3 b6 35. Rc4 c5 36. Ra4 Ng3 37. Ra7 Nf5+ 38. Kd3 Rh3+ 39. Kc4 Kd7 40. Nde4 (
40. a4 Kc6 $19) 40... Kc6 41. Ng5 (41. a4 Ne3+ (41... Nd6+) 42. Kb3 Be6+ 43.
Ka3 Nxc2#) 41... b5+ (41... b5+ 42. Kb3 (42. Nxb5 Be2#) 42... Nd4+ 43. Ka3 Kb6
44. Ra8 b4+ 45. Ka4 Bd7+ (45... Bd7+ 46. Nb5 Bxb5#)) 0-1

[Event "MK Cafe Cup-A"]
[Site "Koszalin"]
[Date "1999.08.06"]
[Round "4"]
[White "Blehm, Pawel"]
[Black "Pedzich, Dominik"]
[Result "1-0"]
[WhiteElo "2479"]
[BlackElo "2428"]
[Annotator "Wedberg,T"]
[PlyCount "85"]
[EventDate "1999.08.03"]
[EventType "swiss"]
[EventRounds "9"]
[EventCountry "POL"]
[SourceTitle "CBM 073"]
[Source "ChessBase"]
[SourceDate "1999.12.01"]
[SourceVersion "1"]
[SourceVersionDate "1999.12.01"]
[SourceQuality "1"]

1. e4 e5 2. Nf3 Nc6 3. Bb5 Nf6 4. O-O Nxe4 5. d4 Be7 6. dxe5 O-O 7. Qd5 Nc5 8.
Be3 a6 9. Bxc5 axb5 10. Bxe7 Qxe7 11. Nc3 b4 12. Nb5 Ra5 13. a4 b6 (13... bxa3
14. Rxa3 Rxa3 15. bxa3 d6 16. exd6 cxd6 17. Re1 Be6 18. Qxd6 $16 {1/2-1/2
Schneider,L-Ivkov,B/Skara 1980/EU-chT (71)}) 14. Nd2 $5 $146 {[%mdl 8] Just
leaving the e-P to be eaten.} (14. Rfe1 {has been tried a couple of times
without much success.} Ba6 (14... Nd8 15. Qc4 Ne6 16. c3 bxc3 17. b4 Ra8 18.
Nbd4 Bb7 19. Nf5 Qd8 20. Qxc3 f6 $11 {1/2-1/2 Lanka,Z-Asanov,B/URS 1979/MCD 
(30)}) 15. Rad1 Nb8 $1 16. b3 Re8 {/\c6} 17. Qd2 Bxb5 18. axb5 Rxb5 $17 {
1/2-1/2 Polgar,J-Smyslov,V/Hoogeveen 1997/CBM 62 (32)}) 14... Ba6 $6 (14...
Nxe5 {perhaps the best move.} 15. Rae1 d6 (15... Re8 16. Nc4 $16) 16. f4 c6 (
16... Be6 17. Qb7 $16) 17. Qxd6 Qxd6 18. Nxd6 Nd7 19. Re7 Rd5 20. N2e4 f5 21.
Nxc8 Rxc8 22. Ng5 $36 {this position isn´t 100% clear, but Black has a hard
time to defend.}) (14... Qxe5 15. Qxe5 Nxe5 16. Nb3 Ra8 17. Nxc7 Ra7 (17... Rb8
18. Rfe1 Nc6 19. Rad1 $16) 18. Nb5 Ra8 19. Nd6 Ba6 20. Rfd1 $16) 15. Nc4 $1
Bxb5 16. axb5 Rxa1 17. Rxa1 Nd8 $16 {White has a clear plus here: active
pieces and a-file control.} 18. g3 Ne6 19. f4 f5 20. exf6 gxf6 21. f5 Qc5+ 22.
Qxc5 Nxc5 23. Ra7 d5 24. Nd2 Rc8 25. Nf3 Kf7 26. Nd4 {Tremendous N.} Ke7 27.
Nc6+ Kd6 28. Nxb4 Re8 29. Nc6 h5 (29... Re2 30. Ra8 $1 Ne4 31. b4 $18) 30. Ra1
Ne4 31. Rd1 Kc5 32. Nd4 Ng5 33. h4 Ne4 34. Ne6+ Kd6 35. c4 Nxg3 36. Rxd5+ Ke7
37. Nf4 Rg8 38. Kf2 Ne4+ 39. Kf3 Nd6 40. c5 Nxb5 41. Ng6+ Ke8 42. cxb6 c6 43.
b7 1-0

[Event "FIDE-Wch k.o."]
[Site "Las Vegas"]
[Date "1999.08.07"]
[Round "3.2"]
[White "Adams, Michael"]
[Black "Almasi, Zoltan"]
[Result "1-0"]
[WhiteElo "2708"]
[BlackElo "2663"]
[Annotator "Wedberg,T"]
[PlyCount "87"]
[EventDate "1999.07.31"]
[EventType "k.o."]
[EventRounds "7"]
[EventCountry "USA"]
[SourceTitle "CBM 072"]
[Source "ChessBase"]
[SourceDate "1999.10.01"]
[SourceVersion "1"]
[SourceVersionDate "1999.10.01"]
[SourceQuality "1"]

{[%mdl 1] This game is a very nice effort by Michael Adams. He plays a new
move in the opening, but from the play we can see that it´s not just a novelty
it´s a whole new concept. Black´s position crumbles under a combined attack on
both flanks and in the centre.} 1. e4 e5 2. Nf3 Nc6 3. Bb5 Nf6 4. O-O Nxe4 5.
d4 Nd6 6. Bxc6 dxc6 7. dxe5 Nf5 8. Qxd8+ Kxd8 9. Nc3 Ke8 10. h3 Ne7 11. Ne4 Ng6
12. Re1 c5 13. a4 $5 $146 {[%mdl 8] Very unusual! a2-a4 is almost exclusively
played as a reaction to a black a7-a5. So let´s try to figure out why Adams
plays it unprovoked in this position. I can see two possible reasons right
away. Firstly b6 can be met with a5 gaining some pull on the Q-side. If b6 is
unattractive Pc5 becomes slightly vulnerable. Secondly in a number of recent
games Black has surprised his opponent by playing the K from e8 to c6 via d7.
Now White is ready to meet this with a swift Ra3-c3, which would create a lot
of problems for Black. A further point is the possibility to develop the R 
(via a3) without having to find a square for Bc1.} (13. c4 Be6 14. b3 h6 (14...
Be7 15. Bg5 b6 16. Rad1 h6 17. Bc1 Rd8 $13 {1/2-1/2 Blehm,P-Postniy,E/Murek
1998/CBM 65 ext (61)}) 15. Be3 b6 16. Rad1 Be7 17. Nc3 Bd8 18. Bc1 c6 19. Ne4
Bc7 20. Bb2 Ke7 $15 {0-1 Peng Xiaomin-Almasi,Z/Las Vegas 1999/CBM 72_08 (49)})
13... h6 (13... a5 {seems like a natural reaction, with the idea of playing b6
later. The move Ra6 is also a resource if White gets violent with e6 at some
point.} 14. h4 $5 {in the spirit of the game continuation.} (14. e6 $6 Bxe6 15.
Neg5 Ra6 $1 $15) (14. Ra3 $5) 14... Bg4 (14... h5 15. Bg5 $14) 15. Nh2 Be6 16.
h5 Nh4 17. g4 $36) 14. a5 $1 {White gains space and threatens to attack c5
next move with Be3.} Bf5 15. h4 $1 {Bent Larsen used to attack like this with
both his R-P:s. White gains even more space and threatens to disturb Black´s
build up with h5.} Be7 (15... h5 16. Bg5 $16) 16. Nd6+ $1 cxd6 17. exd6 Be6 (
17... Bxc2 18. dxe7 Nxe7 19. Be3 $36) 18. dxe7 Nxe7 $16 {The smoke has cleared.
White has a clear advantage due to Black´s problematic K-position and lack of
development.} 19. Ne5 Nf5 20. Ra4 Ke7 21. Rf4 Rac8 22. b4 $1 {[%cal Yc1a3,
Ya3e7] Black´s K is the target.} b6 23. bxc5 bxc5 24. Ba3 g5 25. Rfe4 Nxh4 26.
Nxf7 {The cashing in has started.} Kxf7 27. Rxe6 Rhe8 {Breaks the attack, but
loses a number of P:s.} 28. Rxe8 Rxe8 29. Rxe8 Kxe8 30. a6 $1 $18 (30. Bxc5 a6
{gives Black some hope.}) 30... Kd7 (30... c4 31. Bc5 $18) 31. Bxc5 Kc6 32.
Bxa7 Kb5 33. Bc5 $1 Kxa6 34. Bf8 g4 (34... h5 35. Be7 $18) 35. Bxh6 Nf5 36. Bg5
Kb5 37. Bf6 Kc4 38. Kf1 Kd5 39. Ke2 Kc4 40. f3 gxf3+ 41. Kxf3 Kd5 42. g4 Nd6
43. Kf4 Ke6 44. Bd4 1-0

[Event "Nordic-ch VISA"]
[Site "Reykjavik"]
[Date "1997.10.12"]
[Round "5"]
[White "Hansen, Curt"]
[Black "Westerinen, Heikki MJ"]
[Result "1/2-1/2"]
[WhiteElo "2600"]
[BlackElo "2410"]
[Annotator "Wedberg,T"]
[PlyCount "102"]
[EventDate "1997.10.08"]
[EventType "tourn"]
[EventRounds "13"]
[EventCountry "ISL"]
[EventCategory "10"]
[SourceTitle "CBM 062"]
[Source "ChessBase"]
[SourceDate "1998.01.31"]
[SourceVersion "1"]
[SourceVersionDate "1998.01.31"]
[SourceQuality "1"]

{In this game Westerinen keeps Hansens K-side P:s under control with a typical
white-square blockade.} 1. e4 e5 2. Nf3 Nc6 3. Bb5 Nf6 4. O-O Nxe4 5. d4 Nd6 6.
Bxc6 dxc6 7. dxe5 Ne4 {This move has served Weserinen well over the years. He
has an even score in Megabase 98' in a line that has favoured White heavily.}
8. Qe2 {Compared to the Berlin Defence, 7. - Nf5, White gets nothing from
exchanging Q:s. On the other hand Black has no easy way to equalise against 8.
Qe2. In the Berlin Nf5-d4 gives Black equality without any trouble after 8.Qe2.
} Bf5 9. Rd1 (9. Be3 {The second option for White in this line. When Black
answered this with 9. - Bg6, White got some advantage. Nowadays Black plays 9.
- Bc5 and White gets nothing.} Bc5 10. Bxc5 Nxc5 11. Nc3 (11. Rd1 Qe7 12. Nd4
Bg6 13. Nc3 (13. Nd2 O-O 14. Qe3 Ne6 15. c3 Nxd4 16. cxd4 Rad8 $11 {1/2-1/2
Helenius,M-Westerinen,H/FIN-chT 1995/EXT 97 (31)}) 13... O-O 14. Rd2 Ne6 15.
Nxe6 Qxe6 16. Rad1 Rae8 17. f4 Qf5 18. Qf2 f6 $11 {1/2-1/2 Ernst,T-Westerinen,
H/Peer Gynt 1995/EXT 95op (27)}) 11... Ne6 12. Rad1 Qe7 13. Nd4 Nxd4 14. Rxd4
O-O $11 {0-1 Magem Badals,J-Garcia Padron,J/ESP-chT 1993/TD 93\10 (40)}) 9...
Qc8 10. Nd4 (10. Nh4 Be7 11. Nxf5 Qxf5 12. Rd4 (12. Nd2 O-O-O 13. Nxe4 Rxd1+
14. Qxd1 Qxe4 15. Be3 Rd8 16. Qe2 Qxe5 $17 {1-0 Malisauskas,V-Westerinen,H/
Oviedo rapid 1993/EXP 38 (38)}) 12... Nc5 13. Nc3 O-O 14. Rf4 Qe6 15. Rg4 Rad8
16. h3 Rfe8 $11 {Chandler,M-Christiansen,L/Wellington 1988/CBM 07/1/2-1/2 (50)}
) (10. g4 {Judit Polgars aggressive approach can be met in several ways} Bg6
11. Nh4 Nc5 (11... Qe6 {Lobron} 12. f4 (12. Rd4 Nf6 (12... Nc5 13. f4 Qe7 14.
Nf5 Bxf5 15. gxf5 $14) 13. Nc3 Nd7 14. Bf4 Bc5 $13) 12... Bc5+ 13. Kg2 Qe7 14.
Nf5 Bxf5 15. gxf5 Qh4 16. Rf1 Nf2 17. Rxf2 Bxf2 18. Qxf2 Qg4+ $11) 12. b4 Na6
13. Bg5 Qe6 14. f4 f5 15. a3 Be7 ({not} 15... h6 $2 16. Bf6 $1 gxf6 17. gxf5
Bxf5 18. Qh5+ Qf7 19. Qxf5 $16 {1-0 Polgar,J-Mortensen,E/Vejstrup 1989/CBM 15 
(39)}) 16. Bxe7 Qxe7 17. Nxf5 Bxf5 18. gxf5 O-O 19. Qg4 Qf7 20. f6 Qg6 21. Qxg6
{1/2-1/2 Penttinen,J-Westerinen,H/FIN-chT 1995/EXT 97}) 10... Bc5 11. Be3 (11.
b4 $5 {Stirring up trouble, the P must be taken. This line is one of the hopes
for White at this point.} Bxb4 (11... Bb6 $2 12. f3 $18) (11... Bxd4 12. Rxd4
$16) 12. e6 $1 Bg6 (12... fxe6 13. Nxf5 exf5 14. f3 Qe6 15. fxe4 fxe4 16. Rd4
$18) 13. exf7+ Kf8 (13... Kxf7 14. Qc4+ $18) 14. Qc4 Bd6 15. Ne6+ Ke7 16. f8=B+
Rxf8 17. Nxf8 Kxf8 18. f3 Nf6 19. Ba3 $14 {1-0 Sulskis,S-Westerinen,H/Gausdal
Int 1995/EXP 47 (41)}) 11... O-O (11... Bg6 12. Nb3 (12. c3 Be7 13. f3 Nc5 14.
Nd2 O-O 15. f4 h5 16. Qf1 f6 17. N2f3 f5 18. Bf2 $14 {1-0 Cullip,S-McKay,R/
Edinburgh op 1989/EXT 89op2 (34)}) 12... Bxe3 13. Qxe3 h6 14. Rd4 (14. f3 Ng5
15. Rd2 O-O 16. Nc3 Rd8 17. Rad1 Rxd2 18. Rxd2 Qe8 19. f4 Nh7 20. g4 f5 {
1/2-1/2 Unzicker,W-Santos,L/Almada 1988/EXT 88 (30)} 21. h3 $14) 14... Ng5 15.
f4 Nh7 16. Na3 O-O 17. h3 Re8 18. Re1 Nf8 19. Qf2 $13 {1-0 Huebner,R-Hort,V/
BL9091 1991/BL 90 (40)}) 12. f3 Bxd4 13. Bxd4 Ng5 14. Nc3 Re8 15. Rd2 Ne6 16.
Be3 Nf8 17. f4 Qe6 18. h3 Qg6 19. Kh2 h5 {[%csl Ye6,Yf5,Yg4][%cal Rg6g4,Rh5g4,
Rf5g4] Blacks blockade on the white squares makes it very difficult for White
to make use of his K-side P-majority.} 20. Rad1 (20. Rg1 Rad8 (20... h4 21. Qf2
Qh6 22. Rgd1) 21. g4 Rxd2 22. Bxd2 hxg4 23. hxg4 Bxc2 24. f5 Qh7+ 25. Kg2 Bxf5
26. gxf5 Qxf5 $15) 20... Ne6 21. Qf2 Rad8 22. b4 Rxd2 23. Rxd2 Rd8 24. Rxd8+
Nxd8 25. Bxa7 Bxc2 26. Be3 Qd3 27. Qd2 Qxd2 28. Bxd2 $11 f6 29. exf6 gxf6 30.
g4 hxg4 31. hxg4 f5 32. g5 Kf7 33. Kg3 Kg6 34. Be3 Nf7 35. Bc5 Nd8 36. Kf3 Bd3
37. Ke3 Bf1 38. Nb1 Bc4 39. a3 Ne6 40. Nd2 Bd5 41. Bd4 b5 42. Nb1 Ba2 43. Nc3
Bb3 44. Be5 Kh5 45. Ne2 Kg6 46. Ng1 Bd1 47. Nh3 Bb3 48. Nf2 Bc4 49. Kd2 c5 50.
bxc5 Nxc5 51. Bxc7 Ne4+ 1/2-1/2

[Event "Sigeman & Co 11th"]
[Site "Malmo"]
[Date "2003.04.30"]
[Round "2"]
[White "McShane, Luke J"]
[Black "Ivanchuk, Vassily"]
[Result "1/2-1/2"]
[WhiteElo "2592"]
[BlackElo "2704"]
[Annotator "Wedberg,T"]
[PlyCount "79"]
[EventDate "2003.04.29"]
[EventType "tourn"]
[EventRounds "9"]
[EventCountry "SWE"]
[EventCategory "13"]
[SourceTitle "CBM 095"]
[Source "ChessBase"]
[SourceDate "2003.07.25"]
[SourceVersion "1"]
[SourceVersionDate "2003.07.25"]
[SourceQuality "1"]

1. e4 e5 2. Nf3 Nc6 3. Bb5 Nf6 4. O-O Nxe4 5. d4 Nd6 6. Bxc6 dxc6 7. dxe5 Nf5
8. Qxd8+ Kxd8 9. Nc3 Bd7 10. h3 Kc8 11. Rd1 ({For} 11. b3 {see 0-1 Timman,
J-Nielsen,P/Malmoe 2003 (71). (71)}) (11. Bf4 b6 12. Rad1 h6 13. g4 $6 {
Only weakening here. g4 should only be played when White is attacking or can
prevent a conterstrike with h5 by Black.} Ne7 14. Bg3 c5 (14... h5 $5) 15. Rd3
Be6 16. Rfd1 Kb7 17. Nd2 h5 $36 {0-1 Span,P-Pedersen,N/Amsterdam 2002/CBM 89
ext (40)}) 11... b6 12. b3 a5 13. a4 Be7 14. Bb2 h5 {Black secures his N on f5,
since White can hardly allow an open h-file.} 15. Ne2 {A better route for the
N than e4-g5 tried in the game Timman - Nielsen in the same event.} c5 16. Nf4
Bc6 17. Nd5 {A good post for the N.} Kb7 18. c4 $11 {White is OK, but so is
Black.} Rae8 19. Rd3 Bd8 $1 {[%mdl 2048] What is the point of this? Wait and
see!} 20. Nd2 (20. Rad1 Rhg8 $13 {[%cal Yg7g5,Yg5g4]}) 20... Kc8 (20... g5 21.
Rf3 $5) 21. g3 Bd7 22. Re1 Ne7 23. Kg2 Nc6 24. Ne4 Be6 {[%cal Yc6d7,Yd7e6,
Gf5e7,Ge7c6] Ivanchuk has performed a little regrouping and now enjoys a rock
solid position. The B on e6 and the N on c6 are working in perfect harmony
with the P-formation.} 25. f4 Be7 26. Ne3 Nb4 27. Rdd1 Rd8 28. f5 Bd7 29. Bc3
Bc6 {[%csl Gd5][%cal Yc6g2,Ye6d7,Yd7c6,Gc6b4] Remarkable footwork by Ivanchuk
here. Study this closely. The B is back on c6 and suddenly Black is in control
over the important square d5 and attacking beautifully down the long white
diagonal.} 30. Kf3 Nd3 31. Re2 Rhe8 {White is close to getting inte serious
trouble now.} 32. Nd5 $1 {Luke McShane found the brake.} ({e.g.} 32. h4 $2 Bf6
$1 $17 {[%cal Yc6f3,Ye8e4,Yf6e5,Yd3e5]}) 32... Bxd5 33. Rxd3 Bc6 34. Rxd8+ Rxd8
35. Kf4 Rd3 36. Re3 Rd1 37. Re1 Rd3 38. Re3 Rd1 39. Re1 Rd3 40. Re3 1/2-1/2

[Event "Belfort"]
[Site "Belfort"]
[Date "1997.??.??"]
[Round "9"]
[White "Rozentalis, Eduardas"]
[Black "Marciano, David"]
[Result "1/2-1/2"]
[WhiteElo "2645"]
[BlackElo "2470"]
[Annotator "Wedberg,T"]
[PlyCount "55"]
[EventDate "1997.10.??"]
[EventType "tourn"]
[EventRounds "10"]
[EventCountry "FRA"]
[EventCategory "13"]
[SourceTitle "CBM 062"]
[Source "ChessBase"]
[SourceDate "1998.01.31"]
[SourceVersion "1"]
[SourceVersionDate "1998.01.31"]
[SourceQuality "1"]

1. e4 e5 2. Nf3 Nc6 3. Bb5 Nf6 4. O-O Nxe4 5. d4 Nd6 6. Bxc6 dxc6 7. dxe5 Nf5
8. Qxd8+ Kxd8 9. Nc3 Ke8 10. h3 a5 11. Ne2 (11. Rd1 a4 12. g4 Ne7 13. Kg2 Ng6
14. Rd4 Be7 15. Kg3 h5 $132 {1-0 Almasi,Z-Aleksandrov,A/EU-chTM 1997/EXP 57/
[Hecht] (45)}) (11. a4 Be6 12. Rd1 h6 13. g4 Ne7 14. Nd4 g5 15. Ne4 Bg7 16.
Nxe6 fxe6 17. Nc5 b6 18. Nxe6 Bxe5 19. Ra3 Kf7 $11 {Ernst,T-Rausis,I/Viking op
1997/EXT 97/0-1 (50)}) 11... Ne7 $5 $146 {This move is the fashionable way to
play the Berlin these days.} (11... Be6 12. Nf4 Bd5 13. Nxd5 cxd5 {Undoubling
the c-P:s is seldom of any use to Black in the Berlin.} 14. g4 Ne7 15. Nd4 $16
{1-0 Fedorov,V-Wagman,S/New York op 1993/TD 93\03 (34)}) 12. Nfd4 Nf5 {Draw?}
13. a4 {No!} Nxd4 14. Nxd4 Bc5 15. Nb3 Be7 16. Be3 h5 17. f4 g6 $11 {If Black
could squeeze in b6 as well White would be in trouble.} 18. Bc5 $1 Be6 (18...
Bd8 19. Nd4 b6 20. Ba3 c5 21. Nb5 $14) 19. Bxe7 Kxe7 20. Nc5 b6 21. Nxe6 Kxe6
22. g3 Rhd8 23. Rfd1 Rxd1+ 24. Rxd1 b5 25. Ra1 Rd8 26. axb5 cxb5 27. Rxa5 c6
28. c4 1/2-1/2

[Event "Olympiad-36"]
[Site "Mallorca"]
[Date "2004.10.18"]
[Round "4"]
[White "Fontaine, Robert"]
[Black "Elsness, Frode"]
[Result "1-0"]
[WhiteElo "2531"]
[BlackElo "2425"]
[Annotator "Wedberg,T"]
[PlyCount "82"]
[EventDate "2004.10.15"]
[EventType "team-swiss"]
[EventRounds "14"]
[EventCountry "ESP"]
[SourceTitle "CBM 104"]
[Source "ChessBase"]
[SourceDate "2005.01.27"]
[SourceVersion "1"]
[SourceVersionDate "2005.01.27"]
[SourceQuality "1"]
[WhiteTeam "France"]
[BlackTeam "Norway"]
[WhiteTeamCountry "FRA"]
[BlackTeamCountry "NOR"]

1. e4 e5 2. Nf3 Nc6 3. Bb5 Nf6 4. O-O Nxe4 5. d4 Nd6 6. dxe5 {This line is not
considered to be any problem for Black, but at least it avoids entering an
ending prematurely.} Nxb5 7. a4 Nbd4 8. Nxd4 Nxd4 9. Qxd4 d5 10. Nc3 c6 11. Be3
Bf5 (11... Be7 12. f4 g6 13. e6 Bf6 14. exf7+ Kxf7 15. Qb4 Re8 16. Bf2 Qe7 17.
Bc5 Qc7 18. a5 Bf5 19. Rf2 h5 20. h3 Re6 $13 {1-0 Ehlvest,J-Nielsen,P/Panormo
2002/CBM 090 ext (45)}) 12. f4 Qc8 {Preventing any tricks based on g4 and then
f5.} (12... Be7 13. Rf2 O-O 14. g4 $1 {an important resource} Be6 (14... Bxg4
15. f5 $16) 15. f5 $40 {1-0 Pachman,L-Fawcett/Pratten/Borlan/Southsea 1949/EXT
99 (24)}) (12... Qd7 13. Rf2 h5 (13... b6 14. b4 Rd8 15. Rd1 Qe6 16. a5 b5 17.
Ne2 Rc8 18. Qc3 Qd7 19. Nd4 $16 {1-0 Mueller,O-Zude,E/Germany 1990/GER-chT (24)
}) 14. a5 Rh6 15. Na4 Rg6 16. Rd1 Be4 (16... h4) 17. Qxe4 dxe4 18. Rxd7 Kxd7
19. f5 Rg4 20. h3 Rg3 21. Bf4 $16 {1-0 Sziva,E-Garcia Vicente,N/Saint Vincent
1999/CBM 070 ext (40)}) (12... a5 $5 13. Rf2 Bb4 14. Rd1 Qd7 15. Na2 Be7 16.
Nc1 O-O 17. Nb3 Qc8 $11 {0-1 Oppitz,P-Niklasch,O/Germany 1994/EXT 2003 (49)})
13. Qd2 Bb4 14. Qf2 b6 15. Ne2 Bxc2 {This is risky.} (15... O-O $5 16. Nd4 f6
$132) 16. f5 $1 Bd3 17. Rad1 Qa6 18. f6 g6 19. Nd4 Bxf1 20. Rxf1 {Fritz likes
this for Black, but for a human the White side might be easier to play.
Black's main problem is his K. There is no safe haven anywhere.} c5 (20... Qxa4
21. b3 Qa3 22. e6 $40) 21. Nb5 O-O-O 22. b3 Rhe8 23. Bf4 $44 {[%csl Gb5,Rc8,
Ge5,Gf6]} c4 (23... Qb7 $5) 24. Qf3 Bc5+ 25. Kh1 cxb3 26. Qxb3 Qa5 27. Rc1 Kb7
28. h3 Rd7 $2 29. Rxc5 $1 bxc5 30. Nd6+ Kc6 31. Nxe8 $16 Rb7 32. Qd1 Rb4 33. e6
$1 $18 fxe6 34. Qe1 Qxa4 35. Qxe6+ Kb5 36. Nc7+ Kc4 37. Qxd5+ Kc3 38. Bd2+ Kc2
39. Bxb4 Qxb4 40. f7 Qe1+ 41. Kh2 Qf2 1-0